The Textbook of Biochemistry : (Record no. 1630)
[ view plain ]
| 000 -LEADER | |
|---|---|
| Fixed length control field | 00479nam a2200181Ia 4500 |
| 003 - CONTROL NUMBER IDENTIFIER | |
| Control field | IIN |
| 005 - DATE AND TIME OF LATEST TRANSACTION | |
| Control field | 20240205160129.0 |
| 008 - FIXED-LENGTH DATA ELEMENTS--GENERAL INFORMATION | |
| Fixed length control field | 231217s9999 xx 000 0 und d |
| 020 ## - INTERNATIONAL STANDARD BOOK NUMBER / ISBN | |
| International Standard Book Number | 9789386006455 (pbk) |
| 040 ## - CATALOGING SOURCE | |
| Original cataloging agency | IIN |
| Language of cataloging | English |
| 082 ## - DEWEY DECIMAL CLASSIFICATION NUMBER | |
| Classification number | 572.3 |
| Book Number | VAR |
| 100 1# - MAIN ENTRY--PERSONAL NAME | |
| Personal name | Varghese, Sherin |
| 245 1# - TITLE STATEMENT | |
| Title | The Textbook of Biochemistry : |
| Sub title | for B.Sc Nursing / |
| Statement of responsibility | Sherin Varghese |
| 260 ## - IMPRINT | |
| Place of publication | Bangalore : |
| Name of publisher | EMMESS, |
| Date of publication | 2017 |
| 300 ## - PHYSICAL DESCRIPTION | |
| Page / Vol. No | x, 235p. |
| 650 1# - SUBJECT ADDED ENTRY--TOPICAL TERM | |
| Topical term | Biochemistry |
| 942 ## - ADDED ENTRY ELEMENTS (KOHA) | |
| Koha item type | Books |
| Withdrawn status | Lost status | Damaged status | Not for loan | Collection code | Home library | Current library | Date acquired | Total Checkouts | Call number | Accession number | Date last seen | Price effective from | Koha item type |
|---|---|---|---|---|---|---|---|---|---|---|---|---|---|
| IDEAL INSTITUTE OF NURSING | IDEAL INSTITUTE OF NURSING | 17/12/2023 | 572.3/VAR | D4 | 17/12/2023 | 17/12/2023 | Books |
